The two sovereigns : social contradictions of European modernity /

Bibliographic Details
Main Author: Tester, Keith, 1960-
Format: Book
Language:English
Published: London ; New York : Routledge, 1992.
Subjects:

MARC

Tag First Indicator Second Indicator Subfields
LEADER 00000cam a2200000 a 4500
001 in00001372002
005 20151006092145.0
008 920512s1992 enk b 001 0 eng
010 |a  92017765  
015 |a GB92-32973 
019 |a 26632795 
020 |a 0415061911 
035 |a (OCoLC)26012548 
035 |9 AHJ9612AM 
040 |a DLC  |c DLC  |d UKM  |d TXA  |d UtOrBLW 
043 |a e------ 
049 |a TXAM 
050 0 0 |a HN373.5  |b .T47 1992 
082 0 0 |a 301/.094  |2 20 
100 1 |a Tester, Keith,  |d 1960- 
245 1 4 |a The two sovereigns :  |b social contradictions of European modernity /  |c Keith Tester. 
264 1 |a London ;  |a New York :  |b Routledge,  |c 1992. 
300 |a v, 225 pages ;  |c 23 cm. 
336 |a text  |b txt  |2 rdacontent 
337 |a unmediated  |b n  |2 rdamedia 
338 |a volume  |b nc  |2 rdacarrier 
536 |a Dr. Paul P. Van Riper Collection, Department of Political Science. 
504 |a Includes bibliographical references (pages 216-221) and indexes. 
651 0 |a Europe  |x Social conditions  |y 20th century. 
650 0 |a Intellectuals  |z Europe  |x History  |y 20th century. 
650 0 |a Sociology  |z Europe  |x History  |y 20th century. 
653 0 |a Sociology 
653 0 |a Europe 
999 |a MARS 
999 f f |s aae9d0ea-fa41-3737-b396-9f30bfb4008d  |i 91104f41-794e-3a8b-af6e-7779c9d7212f  |t 0 
952 f f |p ric  |a Texas A&M University  |b Rellis Campus  |c Joint Library Facility  |d Remote Storage  |t 0  |e HN373.5 .T47 1992  |h Library of Congress classification  |i unmediated -- volume  |m A14821262648 
998 f f |a HN373.5 .T47 1992  |t 0  |l Remote Storage